Stations in the West Midlands - with map - Statistics

General Stats
  • This quiz has been taken 24 times
    22 since last reset
  • The average score is 140 of 282
Answers on the Map
Answers color-coded by a green-red scale on the quiz's map according to % correct below.
 
Answer Stats
TOC Answer % Correct
CrossCountry | West Midlands Railway Bromsgrove
91%
West Midlands Metro | West Midlands Railway Five Ways
91%
Avanti West Coast | CrossCountry | London Northwestern Railway New Street
91%
Avanti West Coast | CrossCountry | London Northwestern Railway | West Midlands Railway Nuneaton
91%
Avanti West Coast | London Northwestern Railway Rugby
91%
Avanti West Coast | CrossCountry | London Northwestern Railway | West Midlands Railway Coventry
82%
West Midlands Railway Hereford
82%
Great Western Railway hereford
82%
Chiltern Railways | CrossCountry | West Midlands Railway Leamington Spa
82%
West Midlands Railway Redditch
82%
Bus Link | Chiltern Railways | West Midlands Railway Solihull
82%
Avanti West Coast | CrossCountry | London Northwestern Railway Stoke-on-Trent
82%
West Midlands Railway Sutton Coldfield
82%
CrossCountry | West Midlands Railway University
82%
Avanti West Coast | CrossCountry | London Northwestern Railway | +2 others Wolverhampton
82%
Avanti West Coast | Bus Link | CrossCountry | +3 others Birmingham International
73%
West Midlands Railway Four Oaks
73%
Great Western Railway | West Midlands Railway Great Malvern
73%
Chiltern Railways | Severn Valley Steam Railway | West Midlands Railway Kidderminster
73%
Avanti West Coast | London Northwestern Railway | West Midlands Railway Lichfield Trent Valley
73%
Chiltern Railways | West Midlands Railway Moor Street
73%
West Midlands Railway Stourbridge Junction
73%
West Midlands Railway Stourbridge Town
73%
Chiltern Railways | West Midlands Railway Stratford-upon-Avon
73%
Transport for Wales | West Midlands Railway Telford Central
73%
West Midlands Railway Walsall
73%
Chiltern Railways | West Midlands Railway Warwick
73%
Great Western Railway | West Midlands Railway Worcester Foregate St
73%
Great Western Railway | West Midlands Railway Worcester Shrub Hill
73%
West Midlands Railway Barnt Green
64%
West Midlands Railway Bournville
64%
CrossCountry Burton-on-Trent
64%
West Midlands Railway Dudley Port
64%
Great Western Railway | West Midlands Railway Ledbury
64%
West Midlands Railway Lichfield City
64%
Great Western Railway | West Midlands Railway Malvern Link
64%
Transport for Wales | West Midlands Railway Oakengates
64%
West Midlands Railway Rugeley Town
64%
Avanti West Coast | London Northwestern Railway | West Midlands Railway Rugeley Trent Valley
64%
Avanti West Coast | West Midlands Railway Sandwell & Dudley
64%
West Midlands Railway Selly Oak
64%
Transport for Wales | West Midlands Railway Shrewsbury
64%
Chiltern Railways | London Northwestern Railway | Transport for Wales | West Midlands Railway Smethwick Galton Bridge
64%
Chiltern Railways | West Midlands Railway Snow Hill
64%
Avanti West Coast | CrossCountry | London Northwestern Railway Stafford
64%
Bus Link Stone
64%
West Midlands Railway Tame Bridge Parkway
64%
Avanti West Coast | CrossCountry | London Northwestern Railway Tamworth
64%
CrossCountry | Great Western Railway Worcestershire Parkway
64%
West Midlands Railway Aston
55%
London Northwestern Railway | West Midlands Railway Berkswell
55%
West Midlands Railway Bescot Stadium
55%
West Midlands Railway Cannock
55%
Transport for Wales Craven Arms
55%
Avanti West Coast | London Northwestern Railway | Northern | Transport for Wales Crewe
55%
West Midlands Railway Droitwich Spa
55%
West Midlands Railway Hednesford
55%
Chiltern Railways | West Midlands Metro | West Midlands Railway Jewellery Quarter
55%
CrossCountry | East Midlands Railway Leicester
55%
West Midlands Railway Longbridge
55%
London Northwestern Railway | West Midlands Railway Marston Green
55%
London Northwestern Railway Northampton
55%
West Midlands Railway Northfield
55%
West Midlands Railway Smethwick Rolfe St
55%
London Northwestern Railway | West Midlands Railway Tile Hill
55%
Transport for Wales | West Midlands Railway Wellington
55%
Chiltern Railways | West Midlands Railway Acocks Green
45%
West Midlands Railway Alvechurch
45%
West Midlands Railway Bedworth
45%
West Midlands Railway Bloxwich
45%
West Midlands Railway Bloxwich North
45%
London Northwestern Railway | West Midlands Railway Canley
45%
Bus Link | CrossCountry Coleshill Parkway
45%
West Midlands Railway Coseley
45%
Transport for Wales | West Midlands Railway Cosford
45%
West Midlands Railway Coventry Arena
45%
Bus Link | Chiltern Railways | West Midlands Railway Cradley Heath
45%
West Midlands Railway Henley-in-Arden
45%
Chiltern Railways | West Midlands Railway Dorridge
45%
West Midlands Railway Duddeston
45%
West Midlands Railway Erdington
45%
West Midlands Railway Hamstead
45%
London Northwestern Railway | West Midlands Railway Lea Hall
45%
London Northwestern Railway Long Buckby
45%
Transport for Wales Ludlow
45%
West Midlands Railway Lye
45%
West Midlands Railway Old Hill
45%
West Midlands Railway Perry Barr
45%
Chiltern Railways | West Midlands Metro | West Midlands Railway The Hawthorns
45%
West Midlands Railway Tipton
45%
Chiltern Railways | West Midlands Railway Warwick Parkway
45%
CrossCountry Water Orton
45%
West Midlands Railway Witton
45%
London Northwestern Railway | West Midlands Railway Adderley Park
36%
Transport for Wales | West Midlands Railway Albrighton
36%
London Northwestern Railway Atherstone
36%
Transport for Wales | West Midlands Railway Bilbrook
36%
West Midlands Railway Blake Street
36%
West Midlands Railway Bordesley
36%
West Midlands Railway Chester Road
36%
Transport for Wales Church Stretton
36%
Transport for Wales | West Midlands Railway Codsall
36%
Great Western Railway | West Midlands Railway Colwall
36%
West Midlands Railway Gravelly Hill
36%
West Midlands Railway Hagley
36%
London Northwestern Railway | West Midlands Railway Hampton-in-Arden
36%
West Midlands Railway Hartlebury
36%
London Northwestern Railway Kidsgrove
36%
West Midlands Railway Landywood
36%
West Midlands Railway Langley Green
36%
Transport for Wales Leominster
36%
West Midlands Metro Library
36%
Avanti West Coast | CrossCountry Macclesfield
36%
Avanti West Coast | CrossCountry | Transport for Wales Manchester Piccadilly
36%
Transport for Wales | West Midlands Railway New Street
36%
London Northwestern Railway Penkridge
36%
London Northwestern Railway Polesworth
36%
Chiltern Railways | West Midlands Railway Rowley Regis
36%
West Midlands Railway Shenstone
36%
West Midlands Railway Shirley
36%
West Midlands Railway Small Heath
36%
London Northwestern Railway | West Midlands Railway Stechford
36%
Avanti West Coast | CrossCountry | Transport for Wales Stockport
36%
Chiltern Railways | West Midlands Railway Stratford-upon-Avon Parkway
36%
West Midlands Railway The Lakes
36%
Chiltern Railways | West Midlands Railway Tyseley
36%
West Midlands Railway Wootton Wawen
36%
West Midlands Railway Yardley Wood
36%
West Midlands Railway Bermuda Park
27%
West Midlands Railway Blakedown
27%
West Midlands Railway Butlers Lane
27%
Chiltern Railways | West Midlands Railway Claverdon
27%
West Midlands Railway Danzey
27%
Severn Valley Steam Railway Bridgnorth
27%
West Midlands Metro Edgbaston Village
27%
West Midlands Metro Grand Central
27%
West Midlands Railway Hall Green
27%
West Midlands Railway Kenilworth
27%
West Midlands Railway Kings Norton
27%
Chiltern Railways | West Midlands Railway Lapworth
27%
London Northwestern Railway Longport
27%
Transport for Wales | West Midlands Railway Shifnal
27%
West Midlands Railway Spring Road
27%
West Midlands Metro Town Hall
27%
West Midlands Metro Wednesbury Parkway
27%
Transport for Wales Wem
27%
Chiltern Railways | West Midlands Railway Widney Manor
27%
Chiltern Railways | West Midlands Railway Wilmcote
27%
Avanti West Coast | Northern | Transport for Wales Wilmslow
27%
West Midlands Metro Wolverhampton St George's
27%
West Midlands Railway Wood End
27%
West Midlands Railway Wythall
27%
London Northwestern Railway Alsager
18%
Chiltern Railways | West Midlands Railway Bearley
18%
West Midlands Metro Bilston Central
18%
West Midlands Metro Black Lake
18%
Bus Link Barlaston
18%
West Midlands Railway Earlswood
18%
Chiltern Railways | West Midlands Railway Hatton
18%
Transport for Wales Nantwich
18%
Chiltern Railways | West Midlands Railway Olton
18%
West Midlands Metro St Chads
18%
Bus Link Wedgwood
18%
West Midlands Metro West Bromwich Central
18%
Transport for Wales Whitchurch
18%
West Midlands Railway Whitlocks End
18%
CrossCountry Willington
18%
CrossCountry Wilnecote
18%
West Midlands Railway Wylde Green
18%
CrossCountry | Great Western Railway Ashchurch for Tewkesbury
9%
CrossCountry Hinckley
9%
Northern Manchester Airport
9%
Bus Link Merry Hill Centre
9%
CrossCountry Narborough
9%
Transport for Wales Prees
9%
West Midlands Metro Priestfield
9%
CrossCountry South Wigston
9%
Transport for Wales Yorton
9%
Transport for Wales Wrenbury
0%
No matching quizzes found
Score Distribution
Percent of People with Each Score
Percentile by Number Answered
Your Score History
You have not taken this quiz since the last reset